| 000 | 00687nam a2200157 a 4500 | ||
|---|---|---|---|
| 008 | 120416s1966 ||||||||||||||||| || u | ||
| 050 | _aQC 173 Wor | ||
| 100 | _aMotz, Lloyd | ||
| 245 | 1 | 4 |
_aThe world of the atom _cedited by Henry A Boorse |
| 260 |
_aNew York _bBasic Books _c1966 |
||
| 300 | _a2v. [xxvi, 1873p.] : ill | ||
| 350 | _a0.00 | ||
| 700 | _aBoorse, Henry Abraham | ||
| 995 |
_aANNEX COLLECTION (Main Library) _D0.00 _e711627 _FCBU-MAIN LIBRARY (Kitwe) _H2 _I35.00 _jQC 173 Wor _UAVAILABLE _y012776 _ZAnnex Low-Usage Collection |
||
| 995 |
_aANNEX COLLECTION (Main Library) _D0.00 _e711628 _FCBU-MAIN LIBRARY (Kitwe) _H1 _I35.00 _jQC 173 Wor _UAVAILABLE _y012777 _ZAnnex Low-Usage Collection |
||
| 999 |
_c83260 _d83260 |
||